00763nam a22002057a 4500999001900000005001700019010001500036020002700051035001400078037001300092082001400105245009900119260004500218270005000263300002700313500004000340700002000380942002800400952012900428 c163203d16320320190402133116.0 aENG-125007 a9788186772980c2695.00 aEN-108539 bDBAD/PUB a910.02091 aJourneys into the past:bHistorical and heritage tourism in Bengal/cedited by Suman Mukherjee aNew DelhibNew Academic Publishersc2018 a4760-61/23, Ansari Road, DaryaganjbNew Delhi axxviii,544p.c23cm(Hb) aincludes bibliographical references aSuman Mukherjee 2ddccENh910.02091mJOU 001040718NFICaDBADbBL1d2019-04-02eDBAD/PUBg2695.00l0o910.02091 JOUpEN-108539r2019-04-02 00:00:00t1v2695.00yEN